[Event "BAN Marcel 1st Div"]
[Site "Dhaka"]
[Date "2018.01.04"]
[Round "6.2"]
[White "Md, Shamsul Alam"]
[Black "Prince, Bajaj"]
[Result "0-1"]
[WhiteElo "1738"]
[BlackElo "2402"]
[PlyCount "76"]
[EventDate "2017.12.30"]
[EventType "team-tourn"]
[EventRounds "9"]
[EventCountry "BAN"]
[SourceTitle "CBM 182 Extra"]
[Source "ChessBase"]
[SourceDate "2018.02.23"]
[SourceVersion "1"]
[SourceVersionDate "2018.02.23"]
[SourceQuality "1"]
[WhiteTeam "Kasparov CC"]
[BlackTeam "Esoft Arena"]
[WhiteTeamCountry "BAN"]
[BlackTeamCountry "BAN"]

1. f4 Nf6 2. Nc3 d5 3. d4 g6 4. Nf3 Bg7 5. Ne5 0-0 6. e3 b6 7. Be2 c5 8. Bf3 Bb7 9. Bd2 Ne4 10. Ne2 f6 11. Nd3 Nd7 12. 0-0 e6 13. c3 Qe7 14. Bxe4 dxe4 15. Nf2 Rac8 16. Rc1 c4 17. Ng3 e5 18. fxe5 fxe5 19. Qg4 exd4 20. cxd4 Nf6 21. Qe2 a5 22. Nd1 h5 23. Nc3 Qd7 24. Rf2 b5 25. Rcf1 b4 26. Rxf6 Rxf6 27. Ncxe4 Rxf1+ 28. Qxf1 Qd5 29. h4 Bc6 30. Qf4 Re8 31. Qf1 Rxe4 32. Nxe4 Qxe4 33. Qxc4+ Bd5 34. Qc8+ Kh7 35. Qh3 Qb1+ 36. Kh2 Qxb2 37. Be1 Qxa2 38. Bg3 b3 0-1

[Event "BAN Marcel 1st Div"]
[Site "Dhaka"]
[Date "2018.01.02"]
[Round "4.1"]
[White "Bhuiyan, Golam Mostafa"]
[Black "Md, Shamsul Alam"]
[Result "0-1"]
[WhiteElo "2106"]
[BlackElo "1738"]
[PlyCount "116"]
[EventDate "2017.12.30"]
[EventType "team-tourn"]
[EventRounds "9"]
[EventCountry "BAN"]
[SourceTitle "CBM 182 Extra"]
[Source "ChessBase"]
[SourceDate "2018.02.23"]
[SourceVersion "1"]
[SourceVersionDate "2018.02.23"]
[SourceQuality "1"]
[WhiteTeam "Janata Bank Officer Welfare"]
[BlackTeam "Kasparov CC"]
[WhiteTeamCountry "BAN"]
[BlackTeamCountry "BAN"]

1. Nf3 d5 2. g3 Nc6 3. Bg2 e5 4. 0-0 e4 5. Ne1 Nf6 6. d3 Bc5 7. Nc3 Bf5 8. Bg5 Be7 9. Rb1 h6 10. Bxf6 Bxf6 11. dxe4 dxe4 12. Nxe4 0-0 13. Nxf6+ Qxf6 14. e4 Be6 15. b3 Rad8 16. Qf3 Qe5 17. Qe3 Qa5 18. a4 Qb4 19. Nf3 Bg4 20. Ne1 Qd2 21. Qxd2 Rxd2 22. f3 Be6 23. Rf2 Rfd8 24. Nd3 Rxf2 25. Kxf2 Nd4 26. Nc5 Nxc2 27. Nxe6 Rd2+ 28. Kg1 fxe6 29. f4 Ne3 30. Bf3 c5 31. Rc1 b6 32. a5 Nc2 33. axb6 axb6 34. Rd1 Nd4 35. Bg4 Rb2 36. Rd3 Kf7 37. Bd1 Kf6 38. h4 g5 39. Kf1 gxh4 40. gxh4 Rh2 41. h5 Rh4 42. Kf2 Rxf4+ 43. Ke3 e5 44. Rd2 b5 45. Rg2 Ke6 46. Rg6+ Rf6 47. Rg1 c4 48. bxc4 bxc4 49. Rg8 Kf7 50. Rg2 Rf1 51. Be2 Re1 52. Kd2 Rxe2+ 53. Rxe2 Nxe2 54. Kxe2 Kf6 55. Kd2 Kg5 56. Kc3 Kf4 57. Kxc4 Kxe4 58. Kc5 Kf3 0-1